000 01099njm a2200265 i 4500
001 4624
003 ES-MaACL
005 20240620063044.0
007 s|r|||||||||||
008 070802s1965 sp ||| g ||||||||1|nspa d
100 1 _aHoria, Vintila (
_d1915-1992)
_964193
245 1 0 _aVintila Horia enjuicia su obra
_h[Grabación sonora] /
_cinterviene Vintila Horia.
260 _aMadrid :
_bAteneo de Madrid,
_c1965.
300 _a1 disco (CD-DA) (1 h. 15 min. 24 seg.) ;
_c12 cm.
490 1 _aEl autor enjuicia su obra
500 _aDatos basados en la invitación.
518 _aActo organizado por el Aula de Literatura del Ateneo de Madrid, grabado en el salón de actos el miércoles 28 de abril de 1965.
600 1 4 _aHoria, Vintila (
_d1915-1992)-
_xCrítica e interpretación.
_964194
610 2 7 _aAteneo de Madrid-
_xActos culturales-
_y1965-
_vGrabaciones sonoras.
_91879
710 2 _aAteneo de Madrid.
_bAula de Literatura.
_91943
830 0 _aEl autor enjuicia su obra
_9177074
852 _aES-MaACL
_jROT 3/1/25
_94741
_cROT
942 _2udc
999 _c4624
_d4624